000 00599 a2200217 4500
260 _aParis
630 _a65 - Gestion et organisation de l'industrie du commerce et des transports
650 _a6 - SCIENCES APPLIQUEES MEDECINE TECHNOLOGIE
100 _aCadiou, Christian
260 _bCampus entreprise université
245 _aLe redéploiement stratégique de l'entreprise
300 _a237p
650 _aEntreprise : développement : stratégie
260 _c1990
300 _b22 cm
100 _lFr
037 _a6886
020 _a2-7081-1241-4
999 _c43954
_d43954